| 000 | 01139nam0a22002411 4500 | ||
|---|---|---|---|
| 001 | rc\257782 | ||
| 005 | 20030307121356.3 | ||
| 035 | _a(NLR Aleph) 005531090 | ||
| 090 |
_a5610065 _c5610065 |
||
| 100 | _a20030307d1990 u |0rusy50 ca | ||
| 101 | 0 | _arus | |
| 102 | _aRU | ||
| 105 | _ay ||||||||| | ||
| 200 | 1 |
_aНеравновесная термодинамика неупорядоченных металлических систем _e[Учеб. пособие для спец. "Теплофизика, автоматизация и экология тепловых агрегатов в металлургии"] _fМ-во высш. и сред. спец. образования УССР. Учеб.-метод. каб. по высш. образованию, Одес. технол. ин-т холодил. пром-сти |
|
| 210 |
_aКиев _cУМКВО _d1990 |
||
| 215 |
_a70 с. _d20 |
||
| 320 | _aБиблиогр.: с. 66-68 (36 назв.) | ||
| 700 | 1 |
_aШвец _bВ. Т. _gВалерий Тимофеевич |
|
| 801 | 0 |
_aRU _bNLR _gpsbo |
|
| 801 | 1 |
_aRU _bELAR _2rusmarc |
|
| 852 |
_aNLR _j90-4/11297 |
||
| 942 | _cBOOK | ||
| 980 | _aNB | ||